| 000 | 00361nam a2200133Ia 4500 | ||
|---|---|---|---|
| 008 | 210210b1974 xxu||||| |||| 00| 0 eng d | ||
| 082 | _a320.954 NOOM | ||
| 100 | _aNOORANI (A G). | ||
| 245 | _aMinisters misconduct. | ||
| 260 |
_aDelhi _bVikas Publishing House Pvt Ltd. _c1974 |
||
| 300 | _a236 | ||
| 690 | _aPolitical Situation & Condition | ||
| 906 | _aSG01244 | ||
| 999 |
_c112554 _d112554 |
||